000 00555nam a2200229Ia 4500
003 OSt
005 20220924133332.0
006 a|||||r|||| 00| 0
007 ta
008 220923b |||||||| |||| 00| 0 urd d
024 _a264479
037 _cTextual
040 _aARTS
_cARTS
_burd
041 _2urd
_aurd
082 _aO168b4, L7
100 _aHasan Rasheed
_9206208
245 0 _aUrdu bhasha
260 _c1977
650 _aURDU LITERATURE
942 _hO168b4, L7
_cTEXL
_2CC
999 _c433484
_d433484